Lawrence in Arabia : (Record no. 406952)
[ view plain ]
| 000 -LEADER | |
|---|---|
| fixed length control field | 01728nam a2200349 i 4500 |
| 001 - CONTROL NUMBER | |
| control field | in901028792 |
| 005 - DATE AND TIME OF LATEST TRANSACTION | |
| control field | 20250415104826.0 |
| 008 - FIXED-LENGTH DATA ELEMENTS--GENERAL INFORMATION | |
| fixed length control field | 140602t20142013nyuab b 001 0deng d |
| 010 ## - LIBRARY OF CONGRESS CONTROL NUMBER | |
| Canceled/invalid LC control number | 2012049719 |
| 020 ## - INTERNATIONAL STANDARD BOOK NUMBER | |
| International Standard Book Number | 9780307476418 (pbk.) |
| 040 ## - CATALOGING SOURCE | |
| Original cataloging agency | TnLvILS |
| Description conventions | rda |
| Transcribing agency | TnLvILS |
| 043 ## - GEOGRAPHIC AREA CODE | |
| Geographic area code | e-uk--- |
| -- | aw----- |
| -- | a-tu--- |
| 050 #4 - LIBRARY OF CONGRESS CALL NUMBER | |
| Classification number | D568.4.L45 |
| Item number | A66 2014 |
| 082 04 - DEWEY DECIMAL CLASSIFICATION NUMBER | |
| Classification number | 940.4/1241092 |
| -- | B |
| Edition number | 23 |
| 100 1# - MAIN ENTRY--PERSONAL NAME | |
| Personal name | Anderson, Scott, |
| Dates associated with a name | 1959- |
| 9 (RLIN) | 37573 |
| 245 10 - TITLE STATEMENT | |
| Title | Lawrence in Arabia : |
| Remainder of title | war, deceit, imperial folly and the making of the modern Middle East / |
| Statement of responsibility, etc | Scott Anderson. |
| 250 ## - EDITION STATEMENT | |
| Edition statement | First Anchor Books edition. |
| 264 #1 - Production, Publication, Distribution, Manufacture, and Copyright Notice. | |
| Place of production, publication, distribution, manufacture | New York : |
| Name of producer, publisher, distributor, manufacturer | Anchor Books, a division of Random House LLC, |
| Date of production, publication, distribution, manufacture, or copyr | 2014. |
| 264 #4 - Production, Publication, Distribution, Manufacture, and Copyright Notice. | |
| Date of production, publication, distribution, manufacture, or copyr | �2013 |
| 300 ## - PHYSICAL DESCRIPTION | |
| Extent | x, 577 pages : |
| Other physical details | illustrations, maps ; |
| Dimensions | 25 cm |
| 336 ## - Content Type | |
| Content type term | text |
| 337 ## - Media type | |
| Media type term | unmediated |
| 338 ## - Carrier type | |
| Carrier type term | volume |
| 504 ## - BIBLIOGRAPHY, ETC. NOTE | |
| Bibliography, etc | Includes bibliographical references (pages 543-552) and index. |
| 505 0# - FORMATTED CONTENTS NOTE | |
| Formatted contents note | Playboys in the holy land -- A very unusual type -- Another and another nice thing -- To the last million -- A despicable mess -- The keepers of secrets -- Treachery -- The battle joined -- The man who would be kingmaker -- Neatly in the void -- A mist of deceits -- An audacious scheme -- Aqaba -- Hubris -- To the flame -- A gathering fury -- Solitary pursuits -- Damascus -- Paris. |
| 600 10 - SUBJECT ADDED ENTRY--PERSONAL NAME | |
| Personal name | Lawrence, T. E. |
| Fuller form of name | (Thomas Edward), |
| Dates associated with a name | 1888-1935. |
| 650 #0 - SUBJECT ADDED ENTRY--TOPICAL TERM | |
| Topical term or geographic name as entry element | World War, 1914-1918 |
| General subdivision | Campaigns |
| Geographic subdivision | Middle East. |
| 9 (RLIN) | 5730868 |
| 650 #0 - SUBJECT ADDED ENTRY--TOPICAL TERM | |
| Topical term or geographic name as entry element | World War, 1914-1918 |
| General subdivision | Campaigns |
| Geographic subdivision | Turkey. |
| 9 (RLIN) | 6519100 |
| 651 #0 - SUBJECT ADDED ENTRY--GEOGRAPHIC NAME | |
| Geographic name | Middle East |
| General subdivision | History |
| Chronological subdivision | 1914-1923. |
| 9 (RLIN) | 5711414 |
| 650 #0 - SUBJECT ADDED ENTRY--TOPICAL TERM | |
| Topical term or geographic name as entry element | Soldiers |
| Geographic subdivision | Great Britain |
| Form subdivision | Biography. |
| 9 (RLIN) | 6494605 |
| 610 10 - SUBJECT ADDED ENTRY--CORPORATE NAME | |
| Corporate name or jurisdiction name as entry element | Great Britain. |
| Subordinate unit | Army |
| Form subdivision | Biography. |
| 9 (RLIN) | 6543078 |
| Withdrawn status | Lost status | Source of classification or shelving scheme | Damaged status | Not for loan | Collection code | Home library | Current library | Shelving location | Date acquired | Source of acquisition | Total Checkouts | Total Renewals | Full call number | Barcode | Date last seen | Date checked out | Cost, replacement price | Price effective from | Koha item type |
|---|---|---|---|---|---|---|---|---|---|---|---|---|---|---|---|---|---|---|---|
| Dewey Decimal Classification | General NonFiction | Wasatch County Library | Wasatch County Library | Second Floor | 04/21/2025 | 3 | 5 | 940.4 Anderson | 34301002153171 | 01/27/2026 | 12/29/2025 | 21.00 | 04/21/2025 | BOOK |
